LEADER 00760nab a2200181 i 4500 001 000000277822 003 CaOOAMICUS 005 20120921000000.0 008 120921n xx uu u0 0und r 013 $a28439 040 $aSeMil$bita 245 10$a«Magna res amor» :$bil carisma cistercense. - 103 p. : [3] ill. 500 $aAprile-Settembre 2012. 700 1 $aMontanari, Antonio <1957- >.$0(OLS)http://semarc/name/47091 700 1 $aPfeifer, Michaela .$0(OLS)http://semarc/name/73054 700 1 $aNouzille, Philippe,$c.$0(OLS)http://semarc/name/44700 773 0 $t[2012.$dCamaldoli (AR) : Camaldoli, 2012 (stampa 2012-2013)$w()213446 996 $6245$a«Magna res amor» :$bil carisma cistercense. - 103 p. : [3] ill.$9(OLS)http://semarc/title/362444 LEADER 01157nam a2200265 i 4500 001 000000047733 003 CaOOAMICUS 005 20100426000000.0 008 100426s1991 xxu u000 u eng u 013 $a18903 020 $a0-8006-2518-8 040 $aSeMil$bita 100 1 $aBrowning, Don S.$0(OLS)http://semarc/name/4277 245 12$aA fundamental practical theology :$bdescriptive and strategic proposals /$cDon Browning S. 260 $aMinneapolis :$bFortress Press,$c1991. 300 $axii, 324 p. ;$c24 cm. 650 4$aTeologia pastorale.$0(OLS)http://semarc/subject/721 650 4$aTeologia pratica - Atti di congressi.$0(OLS)http://semarc/subject/744 650 4$aTeologia - Studi.$0(OLS)http://semarc/subject/1244 850 $aSeMil 852 $aSeMil$W1$xVenegono$y1$m2F III 204$j13888$B13888$CSeMilBibl$Z2$F13888 $81 961 $aAcquisto: Casa editrice 996 $6020$a0-8006-2518-8$9(OLS)http://semarc/number/20514 996 $6245$aA fundamental practical theology :$bdescriptive and strategic proposals$9(OLS)http://semarc/title/72042 996 $6260$aMinneapolis :$bFortress Press$9(OLS)http://semarc/publisher/38030